000 01002nam a22002777a 4500
005 20260202154624.0
008 260202t ||||| |||| 00| 0 spa d
020 _a9789585083448 (impreso)
020 _a9789585083455 (pdf)
020 _a9789585083462 (digital)
040 _aCO-BoUCM
_cDavid Moreno
_dDavid Moreno
041 _aspa
100 1 _aSilvera Escudero, Rodolfo Enrique
_9187845
245 1 _aLogística inteligente
_bEstrategia para la automatización y eficiencia
_cRodolfo Enrique Silvera Escudero
250 _a1a.Ed
260 _aBogotá, Colombia
_bEcoe Ediciones
_c2024
300 _a185 páginas
504 _aIncluye referencias bibliográficas
650 1 4 _aLogística empresarial
_932970
650 1 4 _aCadena de suministro
_9185240
650 1 4 _aGestión de operaciones
_9187846
650 1 4 _aIngeniería industrial
_917641
650 1 4 _aOptimización de procesos
_9182060
942 _2DEWEY
_a16
_cLIBRO
_e1
_h658.7
_mS587l
_n0
999 _c326042
_d326042